00497cam a2200169u 45000010008000000030004000080050017000120080041000290100017000700400019000870500016001061000058001222450045001802600042002253000027002676500033002946079298OSt20220918175935.0830302s1957 maua 000 0 eng  a 59028518  aDLCcCarPdDLC00aBX2385b.A61 aAlberione Giacomo Giuseppe,d1884- [from old catalog]10aReligious life: life of courageous souls a[Boston?]bSt. Paul Editionsc[c1957] a107 p.billus.c22 cm. 0aMonastic and religious life.